00655nam a2200181Ia 4500008004100000020001800041022001500059040001300074082002000087245013300107260005300240300007000293500004000363650002000403700001600423700001700439700001700456191130s2006##################000#0#eng## a9788121104906 a2006413584 aACLcACL a577.0720954 KAN aAdvancing frontiers of ecological researches in India : prof. G.P. Mishra commemoration volumeceditors, A.K. Kandya, Asha Gupta aDehra DunbBishen Singh Mahendra Pal Singhc2006 axxix, 736 p., [1] leaf of plates : ill. (some col.), maps ; 25 cm aIncludes bibliographical references aEcology - India aGupta, Asha aKandya, A. K aMishra, G. P